000
00252nam a2200109 4500
082
_a
954.51MIR
100
_a
Mir, Khan Zaman
245
_a
Facts are Fact: other side
260
_a
Muzzafarabad:
_b
Kashmir Studies,
_c
1984.
300
_a
880p. ;
942
_c
BK
999
_c
8490
_d
8490